Statystyki dla najsilniejsze paszporty

Kliknij tutaj aby rozwiązać quiz!

Ogólne statystyki

  • Ten quiz został rozwiązany 660 razy
  • Średni wynik to 10 z 16

Statystyki odpowiedzi

rankingilośćpaństwo% Poprawnych
2190Niemcy
88%
2190Francja
86%
2190Japonia
82%
2190Hiszpania
80%
3189Wielka Brytania
77%
2190Włochy
70%
2190Szwecja
66%
2190Korea południowa
60%
2190Finlandia
59%
4188Belgia
52%
3189Holandia
52%
3189Austria
48%
3189Dania
45%
3189Luksemburg
41%
3189Irlandia
40%
1193Singapur
35%

Rozkład punktacji

Percentyl według liczby udzielonych odpowiedzi

Procent ludzi z każdym wynikiem

Twoja historia wyników

Nie rozwiązałeś tego quizu